Čo vlastne môže zmeniť brexit?

Referendum o vystúpení Veľkej Británie z Európskej únie. Snaha finančného sektora zbaviť sa regulovania z Bruselu. Kampaň okolo referenda. Ekonomické následky brexitu budú mnohoraké. Nová šanca a výzva.

Gespeichert in:
Bibliographische Detailangaben
1. Verfasser: Škvrnda, František
Format: Buchkapitel
Sprache:Slowakisch
Schlagworte:
Tags: Tag hinzufügen
Keine Tags, Fügen Sie das erste Tag hinzu!

MARC

LEADER 00000naa a2200000 4500
001 0222078
005 20240502073635.8
041 0 |a slo 
044 |a SK 
245 1 0 |a Čo vlastne môže zmeniť brexit?  |c František Škvrnda 
520 |a Referendum o vystúpení Veľkej Británie z Európskej únie. Snaha finančného sektora zbaviť sa regulovania z Bruselu. Kampaň okolo referenda. Ekonomické následky brexitu budú mnohoraké. Nová šanca a výzva. 
610 2 0 |a Veľká Británia 
610 2 0 |a Európska únia 
610 2 0 |a referendum 
610 2 0 |a politika medzinárodná 
610 2 0 |a vzťahy medzinárodné 
100 1 |a Škvrnda, František